000 00561nam a2200241 a 4500
001 nice12345678
003 IN_TiNIC
005 20260116011431.0
008 050524s1918 teha grp 000 0 per
020 _a
_c100
082 0 0 _a297.82
_bRAZ1
100 _aRaza, Mirza
245 _aIntabaah Naam-I-Islami
260 _aTehran
_bRoshnai Press
_c1918
300 _a223p
500 _aincludes index and biblioraphy
505 2 _areference
650 _aShiah-Doctrines
700 1 _aRaza, Mirza
902 _bRBA
942 _cBK
999 _c1499
_d1499